[Event "C&D 2015"]
[Site "?"]
[Date "2015.04.06"]
[Round "7.9"]
[White "Verbrugghe, Patrick"]
[Black "De Graef, Marc"]
[Result "0-1"]
[WhiteElo "1710"]
[BlackElo "1834"]
[PlyCount "86"]
[EventDate "2015.??.??"]

1. d4 e5 2. dxe5 Nc6 3. Nf3 Qe7 4. Bf4 Qb4+ 5. Bd2 Qxb2 6. Nc3 Bb4 7. Rb1 Qa3
8. Rb3 Qa5 9. e3 Qc5 10. Ne4 Bxd2+ 11. Qxd2 Qe7 12. Qd5 Nh6 13. Bc4 O-O 14. O-O
Ng4 15. Qc5 Ngxe5 16. Nxe5 Qxe5 17. Qxe5 Nxe5 18. Be2 b6 19. Rc3 d5 20. Nd2 c5
21. Nf3 f6 22. h3 Be6 23. a3 Rad8 24. Rd1 Rd6 25. a4 Rfd8 26. Ra3 Nxf3+ 27.
Bxf3 d4 28. e4 Kf7 29. Be2 c4 30. f3 Ke7 31. Kf2 Kd7 32. Rb1 Kc6 33. Rc1 Kc5
34. Rb1 a6 35. Ke1 g5 36. g4 Bd7 37. Kd2 b5 38. axb5 Bxb5 39. Ra5 Kb6 40. Ra4
d3 41. cxd3 cxd3 42. Bf1 Rc8 43. Rb2 Rc2+ 0-1

[Event "C&D 2015"]
[Site "?"]
[Date "2015.04.06"]
[Round "7.10"]
[White "Van Hoecke, Elena"]
[Black "Lallemand, Paul"]
[Result "1/2-1/2"]
[WhiteElo "1826"]
[BlackElo "1727"]
[PlyCount "70"]
[EventDate "2015.??.??"]

1. d4 d5 2. Bf4 Nf6 3. e3 c6 4. Bd3 Bg4 5. f3 Bh5 6. c3 Bg6 7. Qc2 Bxd3 8. Qxd3
e6 9. e4 Qb6 10. b3 c5 11. Nd2 cxd4 12. cxd4 Nc6 13. Ne2 Be7 14. a3 Rc8 15. O-O
O-O 16. b4 e5 17. Be3 exd4 18. Nxd4 Qd8 19. Nxc6 bxc6 20. exd5 Nxd5 21. Bxa7
Qc7 22. Bf2 Bf6 23. Rac1 Rfe8 24. Ne4 Rcd8 25. Nxf6+ Nxf6 26. Qc4 Re6 27. b5
Rc8 28. b6 Qb7 29. a4 Nd5 30. a5 Ne3 31. Bxe3 Rxe3 32. Qc5 Re6 33. Rfd1 h6 34.
Rd6 Rxd6 35. Qxd6 Qa6 1/2-1/2